| 000 | 01097nam a2200265 a 4500 | ||
|---|---|---|---|
| 001 | 44377 | ||
| 003 | BD-RjUL | ||
| 005 | 20211209053839.0 | ||
| 008 | 160717s1968 bg ||||| |||| 00| 0 ben d | ||
| 020 | _c: PRs. 6.00 | ||
| 035 | _a(BD-RjUL)44495 | ||
| 040 |
_aBD-RjUL _bben/eng _cBD-RjUL |
||
| 041 | _aben | ||
| 082 |
_223 _a891.441609 _bRAK V-1 1968 |
||
| 100 | 1 |
_aরহমান, আতাউর _9126049 |
|
| 245 | 1 | 0 |
_aকবি নজরুল / _cআতাউর রহমান |
| 260 |
_aঢাকা : _bশুভ্রা প্রকাশনী, _c১৯৬৮ |
||
| 300 |
_a খণ্ড ; _c২৩ সেমি. |
||
| 505 | 0 | _aখণ্ড-১ --- | |
| 600 |
_aইসলাম, কাজী নজরুল, _d১৮৯৯-১৯৭৬ _xকবিতা _xইতিহাস ও সমালোচনা _9236154 |
||
| 600 |
_aIslam,Qazi Nazrul, _d1899-1976 _xPoetry _xHistory and Criticism _9236151 |
||
| 650 |
_aবাংলা কবিতা _xইতিহাস ও সমালোচনা _9236155 |
||
| 650 |
_aBengali Poetry _xHistory and Criticism _9236156 |
||
| 942 |
_2ddc _cBK |
||
| 999 |
_c44377 _d44377 |
||